| 000 | 00984nam a22002537a 4500 | ||
|---|---|---|---|
| 999 |
_c16234 _d16234 |
||
| 003 | AR-CdUCM | ||
| 008 | 190502b ||||| |||| 00| 0 spa d | ||
| 040 |
_aMUNICIPALIDAD PROVINCIAL DEL CUSCO _cBIBLIOTECA MUNICIPAL DEL CUSCO |
||
| 082 |
_a900 / _bR97 |
||
| 100 |
_aRuth Karen _935557 |
||
| 245 |
_aVecinos en un nuevo mundo : _bLa organización de los Estados Americanos / |
||
| 260 |
_aBuenos Aires : _bPlaza & Janes, _c1966. |
||
| 300 |
_a191 paginas ; _bIlustraciones, _c19 cm. |
||
| 500 | _aTitulo original : NEighbors in a new world, the organization of American States | ||
| 505 | _aContenido : La casa de las Américas -- El sueño de Bolívar -- Cómo funciona la OEA -- Paz y progreso -- El banco y la junta... | ||
| 650 |
_aDiálogos _935558 |
||
| 650 |
_aLa casa _935559 |
||
| 650 |
_aOEA _935560 |
||
| 650 |
_aPaz _9757 |
||
| 650 |
_aEstados Americanos _935561 |
||
| 700 |
_aMayer, Gerardo (Traducción) _914271 |
||
| 942 |
_2ddc _cLIBROS |
||
| 945 |
_awnts _d2019-05-2 |
||